[Event "Regionalliga Sued-Ost 1819"]
[Site "Bayern"]
[Date "2019.02.03"]
[Round "6.7"]
[White "Schmid, Franz"]
[Black "Hartmann, Erwin"]
[Result "1-0"]
[WhiteElo "2173"]
[BlackElo "1740"]
[PlyCount "87"]
[EventDate "2018.10.21"]
[EventType "team-tourn"]
[EventRounds "9"]
[EventCountry "GER"]
[SourceTitle "EXT 2022"]
[Source "ChessBase"]
[SourceDate "2021.10.06"]
[SourceVersion "1"]
[SourceVersionDate "2021.10.06"]
[SourceQuality "1"]
[WhiteTeam "Passau II"]
[BlackTeam "Grafenau"]
[WhiteTeamCountry "GER"]
[BlackTeamCountry "GER"]

1. e4 c6 2. d4 d5 3. Nc3 dxe4 4. Nxe4 Bf5 5. Ng3 Bg6 6. h4 h6 7. Nf3 Nd7 8. h5 Bh7 9. Bd3 Bxd3 10. Qxd3 Ngf6 11. Bd2 e6 12. 0-0-0 Bd6 13. Ne4 Nxe4 14. Qxe4 Nf6 15. Qe2 Qc7 16. Kb1 0-0-0 17. c4 c5 18. Bc3 b6 19. Qc2 Rhg8 20. g3 Kb8 21. d5 Ng4 22. Rhe1 exd5 23. Rxd5 f6 24. Nh4 Nxf2 25. Rxd6 Qxd6 26. Qxf2 Qd3+ 27. Qc2 Qxg3 28. Nf5 Qf3 29. a3 Rd7 30. Ne7 Rgd8 31. Qh2+ Kb7 32. Ka2 Rd1 33. Nd5 Rd7 34. Re8 R1xd5 35. Qb8+ Ka6 36. Qc8+ Rb7 37. cxd5 Qxd5+ 38. b3 Qd7 39. Qa8 Qh3 40. Bb2 Qxh5 41. Re4 b5 42. Qc8 Qd5 43. Re6+ Ka5 44. Rc6 1-0

[Event "Niederbayernliga 1516"]
[Site "Bayern"]
[Date "2016.04.10"]
[Round "9.3"]
[White "Hartmann, Erwin"]
[Black "Benicke, Bernd"]
[Result "1/2-1/2"]
[WhiteElo "1727"]
[BlackElo "1698"]
[PlyCount "52"]
[EventDate "2015.10.11"]
[EventType "team-tourn"]
[EventRounds "9"]
[EventCountry "GER"]
[SourceTitle "EXT 2023"]
[Source "ChessBase"]
[SourceDate "2022.10.05"]
[SourceVersion "1"]
[SourceVersionDate "2022.10.05"]
[SourceQuality "1"]
[WhiteTeam "Grafenau"]
[BlackTeam "Bayerwald Regen"]
[WhiteTeamCountry "GER"]
[BlackTeamCountry "GER"]

1. e4 e6 2. d4 d5 3. exd5 exd5 4. Bd3 Bd6 5. Nf3 Ne7 6. 0-0 0-0 7. Re1 Bf5 8. Bg5 Bxd3 9. Qxd3 f6 10. Bd2 Nd7 11. Nc3 c6 12. Ne2 Qc7 13. g3 Ng6 14. Kg2 Rae8 15. Neg1 Nb6 16. Ba5 Qd7 17. b3 Bc7 18. Bb4 Bd6 19. Bxd6 Qxd6 20. a4 Qd7 21. h3 Rxe1 22. Rxe1 Re8 23. Rxe8+ Qxe8 24. Qe2 Qxe2 25. Nxe2 Kf7 26. Nd2 Nd7 1/2-1/2

[Event "Niederbayernliga 1516"]
[Site "Bayern"]
[Date "2015.10.25"]
[Round "2.7"]
[White "Hartmann, Erwin"]
[Black "Ertl, Helmut"]
[Result "1/2-1/2"]
[WhiteElo "1727"]
[BlackElo "1704"]
[PlyCount "111"]
[EventDate "2015.10.11"]
[EventType "team-tourn"]
[EventRounds "9"]
[EventCountry "GER"]
[SourceTitle "EXT 2023"]
[Source "ChessBase"]
[SourceDate "2022.10.05"]
[SourceVersion "1"]
[SourceVersionDate "2022.10.05"]
[SourceQuality "1"]
[WhiteTeam "Grafenau"]
[BlackTeam "Deggendorf II"]
[WhiteTeamCountry "GER"]
[BlackTeamCountry "GER"]

1. e4 e6 2. d4 d5 3. exd5 exd5 4. Bd3 Nf6 5. Nf3 Bg4 6. 0-0 Be7 7. h3 Bh5 8. Re1 0-0 9. Be3 Nbd7 10. Nbd2 Bg6 11. Bxg6 hxg6 12. Bf4 Re8 13. c3 c6 14. Qb3 Qb6 15. Qxb6 axb6 16. a3 Ra6 17. Re2 Nf8 18. Rae1 Ne6 19. Bh2 Nh7 20. Ne5 Nhf8 21. Ndf3 Rc8 22. Rd1 Raa8 23. Nd3 b5 24. Nf4 Bd6 25. Nxe6 Bxh2+ 26. Kxh2 Nxe6 27. Ne5 Rc7 28. g3 Rf8 29. Rde1 Ng5 30. Kg2 Ne4 31. f3 Nd6 32. Nd3 b6 33. Re7 Rfc8 34. Rxc7 Rxc7 35. Nb4 Kf8 36. Re2 Nc4 37. Kf2 Na5 38. Ke1 Rd7 39. Nd3 Nc4 40. Ne5 Nxe5 41. Rxe5 Rd6 42. Kd2 f6 43. Re3 g5 44. Re1 Kf7 45. Kd3 Rd8 46. Re2 Rh8 47. Rh2 g6 48. Ke3 Ke6 49. Kf2 Kd6 50. Rh1 c5 51. Kg2 Re8 52. Rf1 Re3 53. dxc5+ bxc5 54. Rf2 Ke5 55. Rd2 Re1 56. Kf2 1/2-1/2

[Event "Niederbayernliga 1415"]
[Site "Bayern"]
[Date "2014.11.23"]
[Round "3.7"]
[White "Lichtmannecker, Daniel"]
[Black "Hartmann, Erwin"]
[Result "1/2-1/2"]
[WhiteElo "1558"]
[BlackElo "1645"]
[PlyCount "81"]
[EventDate "2014.10.19"]
[EventType "team-tourn"]
[EventRounds "9"]
[EventCountry "GER"]
[SourceTitle "EXT 2023"]
[Source "ChessBase"]
[SourceDate "2022.10.05"]
[SourceVersion "1"]
[SourceVersionDate "2022.10.05"]
[SourceQuality "1"]
[WhiteTeam "Ergolding"]
[BlackTeam "Grafenau"]
[WhiteTeamCountry "GER"]
[BlackTeamCountry "GER"]

1. d4 Nf6 2. Nf3 d5 3. e3 Nbd7 4. Bd3 e6 5. Nbd2 Be7 6. c3 0-0 7. 0-0 Re8 8. e4 dxe4 9. Nxe4 Nxe4 10. Bxe4 Nf6 11. Qc2 Nxe4 12. Qxe4 Qd5 13. Qxd5 exd5 14. Bf4 c6 15. Rfe1 Be6 16. h3 h6 17. Re2 Bf6 18. Rae1 Bd7 19. Rxe8+ Rxe8 20. Rxe8+ Bxe8 21. Ne5 Bd8 22. Nd3 b6 23. Kf1 f6 24. Ke2 Kf7 25. Kf3 g5 26. Bg3 Ke6 27. h4 Bg6 28. Ke3 Be8 29. hxg5 hxg5 30. Bb8 a5 31. f4 Bg6 32. fxg5 Bxd3 33. Kxd3 fxg5 34. g4 Kd7 35. b3 Be7 36. c4 Bd8 37. Be5 Be7 38. Ke3 b5 39. c5 Bd8 40. a3 Kc8 41. b4 1/2-1/2

[Event "Niederbayernliga 1415"]
[Site "Bayern"]
[Date "2014.11.09"]
[Round "2.7"]
[White "Hartmann, Erwin"]
[Black "Bauer, David1111"]
[Result "1/2-1/2"]
[WhiteElo "1645"]
[BlackElo "1675"]
[PlyCount "32"]
[EventDate "2014.10.19"]
[EventType "team-tourn"]
[EventRounds "9"]
[EventCountry "GER"]
[SourceTitle "EXT 2023"]
[Source "ChessBase"]
[SourceDate "2022.10.05"]
[SourceVersion "1"]
[SourceVersionDate "2022.10.05"]
[SourceQuality "1"]
[WhiteTeam "Grafenau"]
[BlackTeam "Schaibing"]
[WhiteTeamCountry "GER"]
[BlackTeamCountry "GER"]

1. e4 e6 2. d4 d5 3. exd5 exd5 4. Bd3 Bd6 5. Nf3 Bg4 6. 0-0 Nc6 7. c3 Nge7 8. Re1 Qd7 9. Be3 0-0-0 10. Nbd2 f5 11. Bg5 h6 12. Bxe7 Nxe7 13. Qc2 g5 14. Ne5 Bxe5 15. Rxe5 f4 16. f3 Bh5 1/2-1/2

[Event "Niederbayernliga 1415"]
[Site "Bayern"]
[Date "2014.10.19"]
[Round "1.7"]
[White "Gassenmann, Karlheinz"]
[Black "Hartmann, Erwin"]
[Result "0-1"]
[WhiteElo "2001"]
[BlackElo "1645"]
[PlyCount "98"]
[EventDate "2014.10.19"]
[EventType "team-tourn"]
[EventRounds "9"]
[EventCountry "GER"]
[SourceTitle "EXT 2023"]
[Source "ChessBase"]
[SourceDate "2022.10.05"]
[SourceVersion "1"]
[SourceVersionDate "2022.10.05"]
[SourceQuality "1"]
[WhiteTeam "Straubing JVA"]
[BlackTeam "Grafenau"]
[WhiteTeamCountry "GER"]
[BlackTeamCountry "GER"]

1. c4 Nf6 2. Nc3 c5 3. g3 d5 4. d4 cxd4 5. Qxd4 Nc6 6. Qd1 d4 7. Nb5 a6 8. Na3 e5 9. Nc2 Be6 10. b3 Be7 11. Bg2 0-0 12. Bb2 Qc7 13. Nf3 Rad8 14. 0-0 Bf5 15. Nh4 Bg4 16. f3 Bc8 17. Qd3 Rfe8 18. Nf5 Bf8 19. g4 g6 20. Ng3 Bg7 21. g5 Nd7 22. b4 Nb6 23. a4 e4 24. Nxe4 Ne5 25. Qd1 Nexc4 26. Bc1 d3 27. exd3 Bxa1 28. d4 Bb2 29. Nf6+ Kg7 30. Nxe8+ Rxe8 31. Re1 Rxe1+ 32. Qxe1 Bxc1 33. Qxc1 Be6 34. f4 Nxa4 35. Qa1 Ncb2 36. Ne3 Qxf4 37. Qe1 Qxd4 38. Kh1 b6 39. Qf2 Qe5 40. Qf6+ Qxf6 41. gxf6+ Kxf6 42. Bb7 a5 43. bxa5 bxa5 44. Nf1 Nc5 45. Bc6 a4 46. Bxa4 Ncxa4 47. Ng3 Nc3 48. Kg1 h5 49. h4 Bg4 0-1

[Event "Niederbayernliga 1314"]
[Site "Bayern"]
[Date "2014.??.??"]
[Round "6"]
[White "Hartmann, Erwin"]
[Black "Avdijaj, Avdullah"]
[Result "1/2-1/2"]
[WhiteElo "1645"]
[BlackElo "1693"]
[PlyCount "65"]
[EventDate "2013.10.13"]
[EventType "team-tourn"]
[EventRounds "9"]
[EventCountry "GER"]
[SourceTitle "EXT 2023"]
[Source "ChessBase"]
[SourceDate "2022.10.05"]
[SourceVersion "1"]
[SourceVersionDate "2022.10.05"]
[SourceQuality "1"]
[WhiteTeam "Grafenau"]
[BlackTeam "Schaibing"]
[WhiteTeamCountry "GER"]
[BlackTeamCountry "GER"]

1. d4 d5 2. c4 c6 3. cxd5 cxd5 4. Nf3 Nf6 5. Nc3 e6 6. Qb3 Nc6 7. Bf4 a6 8. h3 Bd6 9. Bxd6 Qxd6 10. e3 0-0 11. Rc1 Rb8 12. Bd3 Bd7 13. 0-0 b5 14. Bb1 Rfc8 15. Nd2 Na5 16. Qd1 Nc4 17. b3 Nxd2 18. Qxd2 Rc7 19. Ne2 Rbc8 20. Rxc7 Rxc7 21. Rc1 Rxc1+ 22. Qxc1 Ne8 23. Nf4 g6 24. Nd3 Qc6 25. Qc5 Qxc5 26. Nxc5 Bc8 27. Bd3 Nd6 28. a3 Kf8 29. Kf1 Ke7 30. Ke2 Kd8 31. Kd2 Kc7 32. f3 Kb6 33. e4 1/2-1/2

[Event "Niederbayernliga 1314"]
[Site "Bayern"]
[Date "2013.??.??"]
[Round "3"]
[White "Gruber, Helmut2222"]
[Black "Hartmann, Erwin"]
[Result "1-0"]
[WhiteElo "1773"]
[BlackElo "1645"]
[PlyCount "81"]
[EventDate "2013.10.13"]
[EventType "team-tourn"]
[EventRounds "9"]
[EventCountry "GER"]
[SourceTitle "EXT 2023"]
[Source "ChessBase"]
[SourceDate "2022.10.05"]
[SourceVersion "1"]
[SourceVersionDate "2022.10.05"]
[SourceQuality "1"]
[WhiteTeam "Bayerwald Regen/Zwiesel"]
[BlackTeam "Grafenau"]
[WhiteTeamCountry "GER"]
[BlackTeamCountry "GER"]

1. d4 Nf6 2. Nf3 e6 3. Bg5 d5 4. Nbd2 Be7 5. e3 0-0 6. Bd3 Nbd7 7. 0-0 b6 8. Ne5 Bb7 9. f4 h6 10. Bh4 Ne4 11. Bxe7 Qxe7 12. Ndf3 g6 13. Nxd7 Qxd7 14. Ne5 Qe8 15. Bxe4 dxe4 16. Qg4 Kh7 17. Qh4 f5 18. g4 Kg7 19. Rf2 Kh7 20. Rg2 Rg8 21. Kh1 g5 22. fxg5 Rxg5 23. gxf5 Rxg2 24. Kxg2 exf5 25. Kf2 Qe6 26. Rg1 Rg8 27. Rxg8 Qxg8 28. Qe7+ Qg7 29. Qe6 f4 30. Qf5+ Kg8 31. Qxf4 Qf8 32. Qxf8+ Kxf8 33. Kg3 Kg7 34. Kh3 Bc8+ 35. Kg3 Kf6 36. Kf4 Bb7 37. Ng4+ Kg6 38. Nf2 Kh5 39. Nxe4 Bxe4 40. Kxe4 Kg4 41. Ke5 1-0

[Event "Niederbayernliga 1213"]
[Site "Bayern"]
[Date "2013.??.??"]
[Round "9"]
[White "Klinge, Andreas"]
[Black "Hartmann, Erwin"]
[Result "1/2-1/2"]
[WhiteElo "1734"]
[BlackElo "1645"]
[PlyCount "33"]
[EventDate "2012.10.14"]
[EventType "team-tourn"]
[EventRounds "9"]
[EventCountry "GER"]
[SourceTitle "EXT 2023"]
[Source "ChessBase"]
[SourceDate "2022.10.05"]
[SourceVersion "1"]
[SourceVersionDate "2022.10.05"]
[SourceQuality "1"]
[WhiteTeam "Rottal II"]
[BlackTeam "Grafenau"]
[WhiteTeamCountry "GER"]
[BlackTeamCountry "GER"]

1. Nf3 c5 2. c4 Nf6 3. Nc3 Nc6 4. g3 g6 5. Bg2 Bg7 6. 0-0 0-0 7. a3 d6 8. Rb1 e5 9. d3 h6 10. e3 Be6 11. h3 Re8 12. e4 Rb8 13. Be3 Nd4 14. b4 b6 15. Kh2 Kh7 16. Ng1 Ng8 17. Nce2 1/2-1/2

[Event "Niederbayernliga 1112"]
[Site "Bayern"]
[Date "2011.??.??"]
[Round "3"]
[White "Hartmann, Erwin"]
[Black "Kutheil, Rainer"]
[Result "1/2-1/2"]
[WhiteElo "1677"]
[BlackElo "1206"]
[PlyCount "80"]
[EventDate "2011.10.??"]
[EventType "team-tourn"]
[EventRounds "9"]
[EventCountry "GER"]
[SourceTitle "EXT 2023"]
[Source "ChessBase"]
[SourceDate "2022.10.05"]
[SourceVersion "1"]
[SourceVersionDate "2022.10.05"]
[SourceQuality "1"]
[WhiteTeam "Grafenau"]
[BlackTeam "Straubing SC"]
[WhiteTeamCountry "GER"]
[BlackTeamCountry "GER"]

1. Nf3 Nc6 2. e4 e5 3. d4 exd4 4. Nxd4 Bc5 5. Be3 Qf6 6. c3 Nge7 7. Be2 a6 8. 0-0 d6 9. Nxc6 Nxc6 10. Bxc5 dxc5 11. f4 g6 12. Nd2 Bd7 13. Qb3 0-0-0 14. Rad1 Be6 15. Qa4 Nb8 16. e5 Qe7 17. Ne4 Nd7 18. Qa3 Bf5 19. Ng3 Qe6 20. Bf3 Bg4 21. Bxg4 Qxg4 22. Qb3 Rhf8 23. Ne4 Qf5 24. Rde1 Rde8 25. Qd5 Qe6 26. Qxe6 fxe6 27. g3 h6 28. h4 b6 29. Rd1 Re7 30. Rd2 Kb7 31. Rfd1 Nb8 32. Kg2 Nc6 33. Rd7 Kc8 34. Rxe7 Nxe7 35. Nf6 Rd8 36. Rxd8+ Kxd8 37. Kf3 Nf5 38. Ng4 h5 39. Ne3 Nh6 40. Ke4 b5 1/2-1/2

[Event "Niederbayernliga 1112"]
[Site "Bayern"]
[Date "2011.??.??"]
[Round "4"]
[White "Pfaeffinger, Georg"]
[Black "Hartmann, Erwin"]
[Result "0-1"]
[WhiteElo "1637"]
[BlackElo "1677"]
[PlyCount "107"]
[EventDate "2011.10.??"]
[EventType "team-tourn"]
[EventRounds "9"]
[EventCountry "GER"]
[SourceTitle "EXT 2023"]
[Source "ChessBase"]
[SourceDate "2022.10.05"]
[SourceVersion "1"]
[SourceVersionDate "2022.10.05"]
[SourceQuality "1"]
[WhiteTeam "Geiselhoering"]
[BlackTeam "Grafenau"]
[WhiteTeamCountry "GER"]
[BlackTeamCountry "GER"]

1. e4 c5 2. Nf3 e6 3. d4 cxd4 4. Nxd4 a6 5. c4 Nf6 6. Bd3 d6 7. 0-0 Be7 8. Nc3 0-0 9. Be3 Nbd7 10. f4 Qc7 11. Rc1 b6 12. Nb3 Bb7 13. Qe2 Rfd8 14. h3 Bf8 15. Qf2 Bc6 16. Bb1 Rac8 17. f5 Qb7 18. fxe6 fxe6 19. Nd4 Re8 20. Nxc6 Qxc6 21. b3 Re7 22. Qh4 Rf7 23. Ne2 Ne5 24. Nd4 Qe8 25. Nf3 Ng6 26. Qf2 b5 27. cxb5 Rxc1 28. Rxc1 Qxb5 29. Qc2 Nd7 30. Nd4 Qe5 31. Nc6 Qg3 32. Bf2 Qg5 33. h4 Qg4 34. e5 Ndxe5 35. Nxe5 dxe5 36. Qe4 Rf4 37. Qc6 Ne7 38. Qc3 e4 39. Bg3 Rf6 40. Re1 Nd5 41. Qe5 e3 42. Bd3 Bb4 43. Be2 Qg6 44. Rc1 Bc3 45. Qb8+ Rf8 46. Qd6 a5 47. Kh2 Bb4 48. Qd7 Nc3 49. Bc4 Ne4 50. Qxe6+ Kh8 51. Qxg6 hxg6 52. Bd3 Nxg3 53. Kxg3 Kh7 54. Rf1 0-1

[Event "Niederbayernliga 1112"]
[Site "Bayern"]
[Date "2011.??.??"]
[Round "2"]
[White "Weidlich, Dietmar"]
[Black "Hartmann, Erwin"]
[Result "0-1"]
[WhiteElo "1714"]
[BlackElo "1677"]
[PlyCount "136"]
[EventDate "2011.10.??"]
[EventType "team-tourn"]
[EventRounds "9"]
[EventCountry "GER"]
[SourceTitle "EXT 2023"]
[Source "ChessBase"]
[SourceDate "2022.10.05"]
[SourceVersion "1"]
[SourceVersionDate "2022.10.05"]
[SourceQuality "1"]
[WhiteTeam "Landau Dingolfing"]
[BlackTeam "Grafenau"]
[WhiteTeamCountry "GER"]
[BlackTeamCountry "GER"]

1. g3 g6 2. Bg2 Bg7 3. c4 c6 4. Nc3 Nf6 5. e4 d6 6. Nge2 0-0 7. 0-0 e5 8. d3 Bg4 9. h3 Be6 10. f4 Qb6+ 11. Kh2 Na6 12. f5 Bd7 13. g4 Ne8 14. g5 f6 15. fxg6 hxg6 16. gxf6 Nxf6 17. Bg5 Rf7 18. Qd2 Raf8 19. Be3 Qc7 20. Rf2 Nh5 21. Raf1 Be6 22. b3 b6 23. d4 exd4 24. Rxf7 Rxf7 25. Rxf7 Bxf7 26. Bxd4 d5+ 27. Kg1 dxc4 28. Bxg7 Nxg7 29. bxc4 Bxc4 30. Qg5 Bf7 31. Nf4 Qd6 32. Nce2 Qc5+ 33. Qxc5 Nxc5 34. Nc3 Nce6 35. Nfe2 Nh5 36. e5 Be8 37. Ne4 c5 38. Nd6 Bd7 39. Bb7 Kf8 40. Bc8 Ke7 41. Ba6 Nhf4 42. Nc3 Nd4 43. Bf1 Nf3+ 44. Kf2 Nxe5 45. Ndb5 Bxb5 46. Nxb5 Nc6 47. Ke3 Ne6 48. Bd3 Kf6 49. Nc3 g5 50. Ne4+ Ke5 51. Bb5 Ncd4 52. Bd7 Nf5+ 53. Kf2 Kxe4 54. Bxe6 b5 55. Bd7 Nd4 56. Ke1 Kd3 57. Kd1 c4 58. Be8 c3 59. Bg6+ Kc4 60. Bf7+ Kb4 61. Kc1 Ka3 62. Kb1 a5 63. Kc1 b4 64. Kb1 a4 65. Kc1 Ne2+ 66. Kc2 Nf4 67. Kd1 Nxh3 68. Be6 Nf4 0-1

[Event "Niederbayernliga 0708"]
[Site "Germany"]
[Date "2007.04.06"]
[Round "8.8"]
[White "Hartmann, Erwin"]
[Black "Feicht, Bernhard"]
[Result "1/2-1/2"]
[WhiteElo "1666"]
[BlackElo "1552"]
[PlyCount "93"]
[EventDate "2007.10.21"]
[EventType "team"]
[EventRounds "9"]
[EventCountry "GER"]
[SourceTitle "EXT 2009"]
[Source "ChessBase"]
[SourceDate "2008.11.26"]
[SourceVersion "1"]
[SourceVersionDate "2008.11.26"]
[SourceQuality "1"]
[WhiteTeam "Grafenau"]
[BlackTeam "Landau Dingolfing"]
[WhiteTeamCountry "GER"]
[BlackTeamCountry "GER"]

1. e4 d5 2. exd5 Nf6 3. Nc3 Nxd5 4. Nxd5 Qxd5 5. d4 c5 6. Be3 cxd4 7. Qxd4 Qxd4 8. Bxd4 Nc6 9. Bc3 e5 10. Bc4 f6 11. Ne2 Bd7 12. 0-0 0-0-0 13. Rfd1 Be7 14. a3 Bf5 15. Bb3 Rxd1+ 16. Rxd1 Rd8 17. Rxd8+ Bxd8 18. Kf1 Ba5 19. Bxa5 Nxa5 20. Ng3 Bg6 21. Be6+ Kc7 22. b4 Nc6 23. c3 Kd6 24. Bb3 Ne7 25. c4 b6 26. Ke2 a5 27. Kd2 axb4 28. axb4 Nc6 29. Kc3 Nd4 30. Bd1 Ne6 31. Ne2 Ng5 32. Bc2 Bxc2 33. Kxc2 g6 34. Nc3 f5 35. h4 Ne6 36. Ne2 h6 37. g3 g5 38. hxg5 hxg5 39. Kc3 g4 40. Kd3 Nd8 41. Nc3 Ne6 42. Ne2 Kc6 43. Kc3 Ng5 44. Kd3 Ne4 45. Ke3 Nd6 46. Kd3 Ne4 47. Ke3 1/2-1/2

[Event "Niederbayernliga 0506"]
[Site "Germany"]
[Date "2006.??.??"]
[Round "9"]
[White "Hartmann, Erwin"]
[Black "Roth, Peter2222"]
[Result "1/2-1/2"]
[WhiteElo "1647"]
[BlackElo "1888"]
[PlyCount "110"]
[EventDate "2005.??.??"]
[EventType "team"]
[EventRounds "9"]
[EventCountry "GER"]
[SourceTitle "EXT 2008"]
[Source "ChessBase"]
[SourceDate "2007.11.25"]
[SourceVersion "1"]
[SourceVersionDate "2007.11.25"]
[SourceQuality "1"]
[WhiteTeam "Grafenau"]
[BlackTeam "Deggendorf"]
[WhiteTeamCountry "GER"]
[BlackTeamCountry "GER"]

1. d4 d5 2. c4 e6 3. Nf3 Nf6 4. e3 Nbd7 5. Nc3 c6 6. Bd3 dxc4 7. Bxc4 b5 8. Bd3 a6 9. 0-0 Bb7 10. Bd2 c5 11. dxc5 Nxc5 12. Be2 Be7 13. a3 0-0 14. Na2 Qb6 15. Bb4 Rfd8 16. Bxc5 Qxc5 17. Qc1 Qb6 18. Rd1 Ne4 19. Rxd8+ Rxd8 20. Qc2 Rc8 21. Qd1 Bf6 22. Rc1 Rxc1 23. Qxc1 Qc6 24. Qxc6 Bxc6 25. Nb4 Bb7 26. Nd3 Nd6 27. b3 Bd5 28. Nc5 a5 29. Bd1 Bc3 30. Nd3 h6 31. Nfe1 e5 32. Kf1 g5 33. f3 f5 34. Nc5 b4 35. axb4 axb4 36. Ned3 e4 37. Nf2 exf3 38. gxf3 Kf7 39. Nfd3 Bc6 40. Kf2 Bb5 41. Nc1 f4 42. N1d3 fxe3+ 43. Kxe3 Nf5+ 44. Kf2 Bd4+ 45. Ke1 Bc3+ 46. Kf2 Ke7 47. Be2 Bd2 48. Ne4 Be3+ 49. Ke1 Nd4 50. Nxb4 Bxe2 51. Nd5+ Ke6 52. Nxe3 Bxf3 53. Nd2 Bc6 54. Kf2 h5 55. Nef1 Nf5 1/2-1/2

[Event "Niederbayernliga 0506"]
[Site "Germany"]
[Date "2005.??.??"]
[Round "2"]
[White "Hartmann, Erwin"]
[Black "Merz, Johann"]
[Result "1-0"]
[WhiteElo "1647"]
[BlackElo "1414"]
[PlyCount "99"]
[EventDate "2005.??.??"]
[EventType "team"]
[EventRounds "9"]
[EventCountry "GER"]
[SourceTitle "EXT 2008"]
[Source "ChessBase"]
[SourceDate "2007.11.25"]
[SourceVersion "1"]
[SourceVersionDate "2007.11.25"]
[SourceQuality "1"]
[WhiteTeam "Grafenau"]
[BlackTeam "Eggenfelden"]
[WhiteTeamCountry "GER"]
[BlackTeamCountry "GER"]

1. d4 f5 2. c4 d6 3. Nc3 c6 4. Nf3 Nf6 5. e3 g6 6. Bd3 Bg7 7. 0-0 0-0 8. Re1 Na6 9. a3 Nc7 10. Bc2 a6 11. Bd2 Bd7 12. Rc1 d5 13. cxd5 Ncxd5 14. Nxd5 cxd5 15. Bb3 e6 16. Bb4 Re8 17. Ne5 Rc8 18. f3 Bb5 19. a4 Bd7 20. Rxc8 Qxc8 21. Qc1 Qxc1 22. Rxc1 Rc8 23. Rc3 Rxc3 24. bxc3 Be8 25. Kf2 g5 26. Be7 h5 27. Nd3 g4 28. Bxf6 Bxf6 29. Nc5 b5 30. axb5 Bxb5 31. Nxe6 Bc4 32. Bxc4 dxc4 33. Nc5 a5 34. Ke2 Be7 35. Na4 h4 36. fxg4 fxg4 37. h3 gxh3 38. gxh3 Ba3 39. Kf3 Bb4 40. e4 Kg7 41. Kg4 Kg6 42. Kxh4 Kf6 43. Kg4 Ke6 44. Kf4 Kd6 45. d5 Kc7 46. Ke3 Kb7 47. Kd4 Ka6 48. cxb4 Kb5 49. bxa5 Kxa4 50. Kxc4 1-0

[Event "Niederbayernliga 0405"]
[Site "Germany"]
[Date "2005.??.??"]
[Round "5"]
[White "Kandler, Erich"]
[Black "Hartmann, Erwin"]
[Result "1/2-1/2"]
[WhiteElo "1645"]
[BlackElo "1654"]
[PlyCount "41"]
[EventDate "2004.??.??"]
[EventType "team"]
[EventRounds "9"]
[EventCountry "GER"]
[SourceTitle "EXT 2008"]
[Source "ChessBase"]
[SourceDate "2007.11.25"]
[SourceVersion "1"]
[SourceVersionDate "2007.11.25"]
[SourceQuality "1"]
[WhiteTeam "Deggendorf II"]
[BlackTeam "Grafenau"]
[WhiteTeamCountry "GER"]
[BlackTeamCountry "GER"]

1. d4 c5 2. c4 cxd4 3. Nf3 g6 4. Nxd4 Bg7 5. Nb3 Nf6 6. Nc3 0-0 7. g3 d6 8. Bg2 Nbd7 9. 0-0 Re8 10. Nd2 Rb8 11. Rb1 a6 12. b3 Ne5 13. Bb2 Bd7 14. Nde4 Nxe4 15. Bxe4 Qa5 16. Qe1 Ng4 17. Nd5 Qxe1 18. Rfxe1 Bc6 19. Bxg7 Kxg7 20. Nc3 Bxe4 21. Nxe4 1/2-1/2